| 000 | 00539nam a2200157 a 4500 | ||
|---|---|---|---|
| 001 | 000016909 | ||
| 005 | 20200929165001.0 | ||
| 008 | 100312s2004 dr a r 000 0 spa d | ||
| 040 |
_aDO-SdBNP _bspa _cBNPHU |
||
| 082 |
_axxx _bE92i |
||
| 245 | 0 | 0 |
_aEvaluación e impacto de los libros de texto y cuadernos de trabajo 1994-1995 / _cprólogo Ramón Morrisón. |
| 260 |
_aSanto Domingo : _b[19--?] _bCentenario. |
||
| 300 |
_a112 p. : _bil. ; _c23 cm. |
||
| 490 | 1 | _aFortalecimiento institucional | |
| 830 | 0 |
_aFortalecimiento institucional _937375 |
|
| 999 |
_c16441 _d16441 |
||